កូនទីទុយដ៏សែនឆ្លាត : (Record no. 8712)

MARC details
000 -LEADER
fixed length control field 01588nam a22003017a 4500
001 - CONTROL NUMBER
control field 8712
003 - CONTROL NUMBER IDENTIFIER
control field FISKH
005 - DATE AND TIME OF LATEST TRANSACTION
control field 20251013143211.0
008 - FIXED-LENGTH DATA ELEMENTS--GENERAL INFORMATION
fixed length control field 251013b cb ||||| |||| 00| 0 eng d
020 ## - INTERNATIONAL STANDARD BOOK NUMBER
International Standard Book Number 9789995088828
040 ## - CATALOGING SOURCE
Original cataloging agency FISKH
Language of cataloging khr
Transcribing agency FISKH
Modifying agency FISKH
082 ## - DEWEY DECIMAL CLASSIFICATION NUMBER
Classification number 398.209596
100 ## - MAIN ENTRY--PERSONAL NAME
Personal name Sotheary, Kimsun
245 ## - TITLE STATEMENT
Title កូនទីទុយដ៏សែនឆ្លាត :
Remainder of title The wise owlet
Statement of responsibility, etc. អ្នកស្រី គឹមស៊ុន សុធារី
260 ## - PUBLICATION, DISTRIBUTION, ETC.
Place of publication, distribution, etc. Phnom Penh :
Name of publisher, distributor, etc. Reading Books ,
Date of publication, distribution, etc. 2007.
300 ## - PHYSICAL DESCRIPTION
Extent 28 pages :
Other physical details color illustrations ;
Dimensions 25 cm.
490 ## - SERIES STATEMENT
Series statement ពិភពរឿងនិទាន
505 ## - FORMATTED CONTENTS NOTE
Formatted contents note K <br/>
520 ## - SUMMARY, ETC.
Summary, etc. កូនទីទុយចូលចិត្តសួរសំនួរទៅឩ៏ពុកម្តាយពួកគេ ដោយមិនអាចឆ្លើយសំនួរទៀតបានឧ៏ពុកម្តាយរបស់កូនទីទុយក៏នាំគេអោយទៅជួបជីតាដើម្បីអោយជីតាជួយឆ្លើយ ។
520 ## - SUMMARY, ETC.
Summary, etc. Owlet liked to ask questions to his parents, but they could no longer answer them. So his parents brought him to see his grandfather, hoping he could help answer the questions.
521 8# - TARGET AUDIENCE NOTE
Target audience note 510 <br/>
Source Lexile estimate <br/>
521 8# - TARGET AUDIENCE NOTE
Target audience note K <br/>
Source Raz-Plus <br/>
650 ## - SUBJECT ADDED ENTRY--TOPICAL TERM
Topical term or geographic name entry element កូនទីទុយដ៏សែនឆ្លាត​
Form subdivision រឿងនិទានកុមារ
650 ## - SUBJECT ADDED ENTRY--TOPICAL TERM
Topical term or geographic name entry element The wise owlet
Form subdivision Children's Stories
700 ## - ADDED ENTRY--PERSONAL NAME
Personal name Bora, Hong
Relator term Illustrator
942 ## - ADDED ENTRY ELEMENTS (KOHA)
Source of classification or shelving scheme Dewey Decimal Classification
Koha item type Khmer Books
Suppress in OPAC No
Holdings
Withdrawn status Lost status Source of classification or shelving scheme Damaged status Not for loan Home library Current library Shelving location Date acquired Total Checkouts Full call number Barcode Date last seen Copy number Price effective from Koha item type Date last checked out
    Dewey Decimal Classification     Footprints International School Library Network Toul Tom Poung Campus Footprints International School Library Network Toul Tom Poung Campus TTP Primary Khmer Bookshelves 10/13/2025   SOT 398.209596 FIS04369 10/13/2025 1 10/13/2025 Khmer Books  
    Dewey Decimal Classification     Footprints International School Library Network Toul Tom Poung Campus Footprints International School Library Network Toul Tom Poung Campus TTP Primary Khmer Bookshelves 10/13/2025   SOT 398.209596 FIS04229 10/13/2025 2 10/13/2025 Khmer Books  
    Dewey Decimal Classification     Footprints International School Library Network Toul Tom Poung Campus Footprints International School Library Network Toul Tom Poung Campus TTP Primary Khmer Bookshelves 10/13/2025 1 SOT 398.209596 FIS04004 03/11/2026 3 10/13/2025 Khmer Books 03/11/2026
    Dewey Decimal Classification     Footprints International School Library Network Toul Tom Poung Campus Footprints International School Library Network Toul Tom Poung Campus TTP Primary Khmer Bookshelves 11/11/2025   SOT 398.209596 FIS04545 11/11/2025 4 11/11/2025 Khmer Books  
    Dewey Decimal Classification     Footprints International School Library Network Toul Tom Poung Campus Footprints International School Library Network Toul Tom Poung Campus TTP Primary Khmer Bookshelves 11/11/2025   SOT 398.209596 FISBK03886 11/11/2025 5 11/11/2025 Khmer Books